000 00413nam a22001577a 4500
999 _c191149
_d191149
005 20220822112502.0
010 _aENG-134520
020 _a9781470971458
_c800.00
035 _aEN-118052
037 _bDBAD/PUB
082 _a294.3
100 _aTaylor, Brian
245 _aThe Centre:
_bThe Truth About Everthing/
_cBrain Taylor
300 _a146p.
_c24cm(hb)
942 _2ddc
_cEN
_h294.3
_mTAY